|
|
|
|
| LEADER |
01737nam a2200361 i 4500 |
| 001 |
45106 |
| 003 |
BD-DhAAL |
| 005 |
20251123104558.0 |
| 008 |
251123t2013 bg b 001 0 eng d |
| 010 |
|
|
|a 2013332992
|
| 020 |
|
|
|z 97898433600007
|
| 025 |
|
|
|a B-E-2013-332992; 22-90
|
| 035 |
|
|
|a 17891268
|
| 037 |
|
|
|b Library of Congress -- New Delhi Overseas Office
|
| 040 |
|
|
|a DLC
|b eng
|e rda
|c DLC
|d BD-DhAAL
|
| 042 |
|
|
|a lcode
|
| 043 |
|
|
|a a-bg---
|
| 050 |
0 |
0 |
|a HG178.33.B3
|b A52 2013
|
| 082 |
1 |
4 |
|a 332.095492
|2 23
|
| 100 |
1 |
|
|a Alam, Mahmudul,
|e author.
|9 58161
|
| 245 |
1 |
0 |
|a Productivity and efficiency challenges of microcredit program in Bangladesh /
|c Md. Mahmudul Alam, Rafiqul Islam Molla.
|
| 250 |
|
|
|a First edition.
|
| 260 |
|
|
|a Chittagong :
|b Center for Research & Publication, International Islamic University Chittagong,
|c 2013.
|
| 300 |
|
|
|a xv, 63 pages ;
|c 22 cm
|
| 504 |
|
|
|a Includes bibliographical references (pages 42-44) and index.
|
| 541 |
1 |
|
|a Complimentary copy from MD Mahmudul Alam, Professor of Finance, BRAC Business School, BRAC University
|e 45106
|
| 650 |
|
0 |
|a Microfinance
|z Bangladesh.
|
| 700 |
1 |
|
|a Molla, Rafiqul Islam,
|e author.
|9 59867
|
| 710 |
2 |
|
|a International Islamic University Chittagong.
|b Center for Research & Publication.
|9 59868
|
| 852 |
1 |
|
|a Ayesha Abed Library
|c General Stacks
|
| 942 |
|
|
|2 ddc
|c BK
|
| 999 |
|
|
|c 47643
|d 47643
|
| 952 |
|
|
|0 0
|1 0
|2 ddc
|4 0
|6 332_095492000000000_ALA
|7 0
|9 78528
|a BRACUL
|b BRACUL
|c NEW
|d 2025-11-23
|e Complimentary copy from MD Mahmudul Alam, Professor of Finance, BRAC Business School, BRAC University
|l 0
|o 332.095492 ALA
|p 3010045106
|r 2025-11-23
|t 1
|w 2025-11-23
|y BK
|x Complimentary copy from MD Mahmudul Alam, Professor of Finance, BRAC Business School, BRAC University
|